000 00339 a2200145 4500
001 168134
020 _a
040 _cMagnum
100 _aFoucault, Michel
240 1 0 _aHistoria da sexualidade iii: o cuidado de si
_lpor
245 1 0 _aHistoria da sexualidade iii: o cuidado de si
362 0 _a1899
697 _aGERAL
942 _cBK
999 _c168134
_d168134